[Event "18th EUR-ch (w)"]
[Site "Riga LAT"]
[Date "2017.04.11"]
[Round "1.65"]
[White "Khomeriki, Nino"]
[Black "Nikolajeva, Marija"]
[Result "1-0"]
[WhiteElo "2308"]
[BlackElo "1673"]
[EventDate "2017.04.11"]
[PlyCount "61"]

1.d4 d5 2.Nf3 Nf6 3.e3 e6 4.Bd3 c5 5.O-O Nc6 6.b3 Be7 7.Bb2 O-O 8.Nbd2 Bd7
9.a3 Rc8 10.Ne5 Nxe5 11.dxe5 Ne8 12.f4 g6 13.Qe2 Ng7 14.Rad1 f5 15.exf6 
Bxf6 16.Bxf6 Rxf6 17.Nf3 Bc6 18.Ne5 Qa5 19.g4 b5 20.Nxc6 Rxc6 21.Bxb5 Rc7 
22.c4 Rf8 23.cxd5 exd5 24.Rxd5 Qxa3 25.Bc4 Kh8 26.Rfd1 Qb4 27.Qb2 Re7 28.
Rd8 Rfe8 29.Rxe8+ Rxe8 30.Rd7 Qe1+ 31.Kg2 1-0

[Event "18th EUR-ch (w)"]
[Site "Riga LAT"]
[Date "2017.04.11"]
[Round "1.66"]
[White "Golsta, Madara"]
[Black "Berzina, Ilze"]
[Result "0-1"]
[WhiteElo "1619"]
[BlackElo "2297"]
[EventDate "2017.04.11"]
[PlyCount "100"]

1.e4 c6 2.d4 d5 3.Nc3 dxe4 4.Nxe4 Nd7 5.Nf3 Ngf6 6.Ng3 e6 7.Bd3 c5 8.c3 b6
9.O-O Bb7 10.Ne5 Bd6 11.Re1 O-O 12.Bg5 Be7 13.Nxd7 Nxd7 14.Qh5 g6 15.Bxe7 
Qxe7 16.Qh6 Rfd8 17.Nh5 Qf8 18.Qg5 cxd4 19.cxd4 Kh8 20.Nf4 Qg7 21.Rad1 Qf6
22.Qh6 Qg7 23.Qg5 Nf8 24.Ne2 Rd7 25.Qf4 Rad8 26.Bc2 Ba6 27.h3 Kg8 28.Bd3 
Bxd3 29.Rxd3 e5 30.Qe3 exd4 31.Qe4 Ne6 32.b4 Qf6 33.Red1 Rd5 34.R1d2 Ng5 
35.Qg4 h5 36.Qf4 Rf5 37.Qc7 Ne6 38.Qxa7 Rxf2 39.Ng3 Rf4 40.Rd1 h4 41.Ne2 
Rf2 42.Re1 Rc8 43.Rd2 Rxg2+ 44.Kxg2 Qg5+ 45.Kf1 Qxd2 46.Qxb6 d3 47.Ng1 Rc2
48.Rb1 Qg2+ 49.Ke1 Re2+ 50.Kd1 Qf1# 0-1

[Event "18th EUR-ch (w)"]
[Site "Riga LAT"]
[Date "2017.04.11"]
[Round "1.67"]
[White "Gvetadze, Sopio"]
[Black "Norlamo, Sarabella"]
[Result "1-0"]
[WhiteElo "2292"]
[BlackElo "1619"]
[EventDate "2017.04.11"]
[PlyCount "65"]

1.Nf3 Nf6 2.d4 g6 3.Bf4 Bg7 4.e3 d6 5.h3 Nbd7 6.Be2 O-O 7.O-O Nh5 8.Bh2 e5
9.c3 f5 10.dxe5 dxe5 11.g4 fxg4 12.hxg4 Nhf6 13.Nxe5 Nxe5 14.Qxd8 Rxd8 15.
Bxe5 Nxg4 16.Bxc7 Rf8 17.Nd2 Ne5 18.Kg2 b6 19.f4 Bb7+ 20.Kh2 Nf7 21.f5 
Rac8 22.Bg3 gxf5 23.Rxf5 Rcd8 24.Nb3 Be4 25.Rf4 Bd5 26.Nd4 Rfe8 27.Rg1 
Rxe3 28.Bh4 Rd7 29.Rxg7+ Kxg7 30.Nf5+ Kg6 31.Nxe3 Bxa2 32.Rg4+ Kh6 33.Nf5+
1-0

[Event "18th EUR-ch (w)"]
[Site "Riga LAT"]
[Date "2017.04.11"]
[Round "1.68"]
[White "Golsta, Ramona"]
[Black "Galoian, Lilit"]
[Result "0-1"]
[WhiteElo "1560"]
[BlackElo "2290"]
[EventDate "2017.04.11"]
[PlyCount "74"]

1.d4 Nf6 2.Nf3 g6 3.Bg5 Bg7 4.e3 O-O 5.Bd3 d6 6.O-O Nbd7 7.Nbd2 e5 8.dxe5 
dxe5 9.Bc4 h6 10.Bh4 Qe8 11.c3 a5 12.a4 Kh7 13.Qc2 Nb6 14.Bb3 Nfd7 15.e4 
Nc5 16.h3 Bd7 17.Ra3 Nxb3 18.Qxb3 Be6 19.Qc2 Qc6 20.Rc1 Nd7 21.Raa1 f5 22.
b4 g5 23.b5 Qb6 24.Bg3 f4 25.Bh2 Nc5 26.Rab1 Rad8 27.Kh1 Nd3 28.Rf1 Nxf2+ 
29.Rxf2 Qxf2 30.Bg1 Qe2 31.b6 c6 32.Bc5 Rf7 33.Re1 Qd3 34.Qxd3 Rxd3 35.Rc1
Rfd7 36.Kg1 Rxd2 37.Nxd2 Rxd2 0-1

[Event "18th EUR-ch (w)"]
[Site "Riga LAT"]
[Date "2017.04.11"]
[Round "1.69"]
[White "Dolukhanova, Evgeniya"]
[Black "Atte, Rebeka"]
[Result "1-0"]
[WhiteElo "2287"]
[BlackElo "1498"]
[EventDate "2017.04.11"]
[PlyCount "61"]

1.e4 c5 2.Nf3 g6 3.d4 cxd4 4.Nxd4 Bg7 5.c4 Nf6 6.Nc3 Nc6 7.Be3 O-O 8.Be2 
d6 9.O-O Bd7 10.Nb3 Ne8 11.Qd2 f5 12.Bh6 a6 13.Bxg7 Kxg7 14.Rad1 Nf6 15.
exf5 Bxf5 16.Nd4 Bd7 17.Nf3 Qa5 18.Rfe1 Rab8 19.a3 Rbe8 20.Qc1 Ne5 21.b4 
Nxf3+ 22.Bxf3 Qb6 23.Qb2 e5 24.Nd5 Nxd5 25.c5 dxc5 26.Rxd5 Bc8 27.Rdxe5 
Rxe5 28.Qxe5+ Qf6 29.Qxc5 Re8 30.Qc7+ Kh6 31.Qc1+ 1-0

[Event "18th EUR-ch (w)"]
[Site "Riga LAT"]
[Date "2017.04.11"]
[Round "1.70"]
[White "Ni Mhuireagain, Eibhia"]
[Black "Fatalieva, Ulviyya"]
[Result "0-1"]
[WhiteElo "1496"]
[BlackElo "2287"]
[EventDate "2017.04.11"]
[PlyCount "62"]

1.e4 e6 2.d4 d5 3.e5 c5 4.c3 Nc6 5.Nf3 Qb6 6.a3 a5 7.g3 cxd4 8.cxd4 Nge7 
9.Bg2 Nf5 10.Nc3 Nfxd4 11.Nxd4 Qxd4 12.Qxd4 Nxd4 13.O-O Bd7 14.Be3 Nc2 15.
Rad1 Nxe3 16.fxe3 Bc5 17.Rfe1 Rc8 18.Kh1 O-O 19.e4 d4 20.Ne2 Ba4 21.Rd2 
Rfd8 22.Nc1 Be7 23.Nd3 Bg5 24.Nf4 Rc2 25.Rxc2 Bxc2 26.Bf1 Bxf4 27.gxf4 d3 
28.Re3 d2 29.Be2 d1=Q+ 30.Bxd1 Rxd1+ 31.Kg2 Rb1 0-1

[Event "18th EUR-ch (w)"]
[Site "Riga LAT"]
[Date "2017.04.11"]
[Round "1.71"]
[White "Travkina, Anastasia"]
[Black "Ivanova, Katrina Telma"]
[Result "1-0"]
[WhiteElo "2287"]
[BlackElo "1340"]
[EventDate "2017.04.11"]
[PlyCount "37"]

1.e4 e5 2.Nf3 Nc6 3.Bc4 Bc5 4.b4 Bxb4 5.c3 Ba5 6.d4 exd4 7.O-O Nge7 8.Ng5 
d5 9.Nxf7 Kxf7 10.exd5 Ne5 11.Bb3 N7g6 12.f4 Nd7 13.d6+ Ke8 14.f5 Nc5 15.
fxg6 Nxb3 16.Qe2+ Kd7 17.Qb5+ Ke6 18.Re1+ Kxd6 19.Bf4# 1-0

[Event "18th EUR-ch (w)"]
[Site "Riga LAT"]
[Date "2017.04.11"]
[Round "1.72"]
[White "Mieze, Natalja"]
[Black "Ambartsumova, Karina"]
[Result "0-1"]
[WhiteElo "1223"]
[BlackElo "2282"]
[EventDate "2017.04.11"]
[PlyCount "38"]

1.c4 Nf6 2.Nc3 e5 3.e3 d5 4.cxd5 Nxd5 5.Nxd5 Qxd5 6.Nf3 Nc6 7.a3 e4 8.Be2 
exf3 9.Bxf3 Qd3 10.Bxc6+ bxc6 11.h3 Bd6 12.a4 a5 13.Qf3 O-O 14.h4 Ba6 15.
h5 Rad8 16.h6 Bb4 17.Qd1 Rfe8 18.hxg7 Rxe3+ 19.fxe3 Qxe3+ 0-1

[Event "18th EUR-ch (w)"]
[Site "Riga LAT"]
[Date "2017.04.12"]
[Round "2.1"]
[White "Milliet, Sophie"]
[Black "Muzychuk, Anna"]
[Result "1/2-1/2"]
[WhiteElo "2352"]
[BlackElo "2587"]
[EventDate "2017.04.11"]
[PlyCount "87"]

1.e4 e5 2.Nf3 Nc6 3.Bb5 a6 4.Ba4 Nf6 5.O-O Be7 6.Re1 b5 7.Bb3 d6 8.c3 O-O 
9.h3 Nb8 10.d4 Nbd7 11.c4 c6 12.Qc2 Bb7 13.Nc3 b4 14.Ne2 c5 15.d5 Nb6 16.
a4 a5 17.Ng3 g6 18.Bh6 Re8 19.Rf1 Bf8 20.Bg5 h6 21.Be3 Bg7 22.Qd2 Kh7 23.
Nh2 Qe7 24.Rae1 Rf8 25.f4 exf4 26.Bxf4 Nbd7 27.Nf3 Ng8 28.Nh1 Ne5 29.Nxe5 
Bxe5 30.Nf2 Bxf4 31.Qxf4 f6 32.Nd3 Rae8 33.Qg3 Bc8 34.Bc2 Kg7 35.b3 g5 36.
Bd1 Kh8 37.h4 Rd8 38.Bg4 Bxg4 39.Qxg4 Rf7 40.Rf3 Re8 41.Rh3 Rh7 42.Qf5 Rf8
43.Rf1 Rff7 44.Rhf3 1/2-1/2

[Event "18th EUR-ch (w)"]
[Site "Riga LAT"]
[Date "2017.04.12"]
[Round "2.3"]
[White "Osmak, Yuliya"]
[Black "Lagno, Kateryna"]
[Result "1/2-1/2"]
[WhiteElo "2348"]
[BlackElo "2543"]
[EventDate "2017.04.11"]
[PlyCount "70"]

1.d4 Nf6 2.Bf4 c5 3.e3 Qb6 4.Nc3 e6 5.Rb1 Qa5 6.Qd2 a6 7.Nf3 b5 8.dxc5 b4 
9.Nd1 Qxa2 10.Qc1 Qd5 11.Bd3 Bxc5 12.O-O Bb7 13.b3 Ne4 14.Nb2 Nc3 15.Ra1 
Qh5 16.Na4 Nxa4 17.Rxa4 d6 18.Nd2 O-O 19.Ne4 Nd7 20.Nxc5 dxc5 21.Qd1 Qd5 
22.f3 e5 23.Bg3 Qe6 24.Qe2 e4 25.fxe4 Bxe4 26.Bxa6 Nb6 27.Raa1 Qg6 28.Bd3 
Nd5 29.Bc4 Nc3 30.Qf2 Rxa1 31.Rxa1 Bd5 32.Bd3 Be4 33.Bc4 Bd5 34.Bd3 Be4 
35.Bc4 Bd5 1/2-1/2

[Event "18th EUR-ch (w)"]
[Site "Riga LAT"]
[Date "2017.04.12"]
[Round "2.4"]
[White "Dzagnidze, Nana"]
[Black "Babiy, Olga"]
[Result "1-0"]
[WhiteElo "2528"]
[BlackElo "2359"]
[EventDate "2017.04.11"]
[PlyCount "129"]

1.c4 Nf6 2.Nf3 c5 3.g3 b6 4.Bg2 Bb7 5.O-O e6 6.b3 Be7 7.Bb2 O-O 8.d4 cxd4 
9.Qxd4 d6 10.Nc3 a6 11.Rfd1 Nbd7 12.e4 Qc8 13.Qe3 Re8 14.h3 Qc7 15.Rac1 
Rac8 16.Nd4 Qb8 17.Re1 Bf8 18.Rcd1 Ba8 19.Qd3 Red8 20.Qe2 Re8 21.Kh2 g6 
22.f4 Bg7 23.Rd2 Bh6 24.Rc2 Nh5 25.Nf3 d5 26.e5 dxc4 27.bxc4 Nc5 28.Ba3 
Red8 29.Bxc5 Rxc5 30.Rb1 Bc6 31.Ne4 Bxe4 32.Qxe4 Qc7 33.Rd2 Rxd2 34.Nxd2 
b5 35.Qa8+ Kg7 36.Ne4 Nxf4 37.Nxc5 Qxc5 38.gxf4 Bxf4+ 39.Kh1 Qxc4 40.Rf1 
g5 41.Qxa6 Bxe5 42.Qa7 Bf4 43.Qf2 Qd3 44.Qb2+ Kg8 45.Qb3 Qe2 46.a3 e5 47.
Rb1 Qf2 48.Qf3 Qc5 49.Qd3 Qf2 50.Rb3 g4 51.Qf1 Qh4 52.Qxb5 Kg7 53.Qe2 h5 
54.a4 Bg3 55.Qe4 Bf4 56.a5 Qd8 57.Qe1 Qd6 58.Qa1 Qa6 59.Ra3 f6 60.Qf1 Qd6 
61.Rd3 Qb8 62.a6 Qa7 63.Ra3 Kh6 64.Qg1 Qe7 65.a7 1-0

[Event "18th EUR-ch (w)"]
[Site "Riga LAT"]
[Date "2017.04.12"]
[Round "2.5"]
[White "Gara, Ticia"]
[Black "Stefanova, Antoaneta"]
[Result "1/2-1/2"]
[WhiteElo "2325"]
[BlackElo "2527"]
[EventDate "2017.04.11"]
[PlyCount "113"]

1.Nf3 d5 2.g3 Bg4 3.Bg2 c6 4.d4 Nd7 5.O-O e6 6.Nbd2 f5 7.c4 Bd6 8.Qb3 Rb8 
9.Re1 Qe7 10.Ne5 Nxe5 11.dxe5 Bc5 12.Nf1 Bh5 13.Be3 Bxe3 14.Nxe3 Nh6 15.
cxd5 cxd5 16.Rac1 O-O 17.Bxd5 exd5 18.Nxd5 Qe6 19.Nf6+ Rxf6 20.exf6 Qxb3 
21.axb3 gxf6 22.Rc7 Nf7 23.f3 Ne5 24.Rd1 Bf7 25.b4 a6 26.f4 Nc6 27.Rdd7 
Nd8 28.Kf2 Kf8 29.h3 h5 30.Kf3 Ba2 31.Rd6 Be6 32.e4 fxe4+ 33.Kxe4 Bxh3 34.
Rxf6+ Ke8 35.f5 Bg2+ 36.Kf4 Bd5 37.Rd6 Ba2 38.Rdd7 Rc8 39.Re7+ Kf8 40.Rh7 
Rxc7 41.Rxc7 Nf7 42.Rxb7 Bc4 43.f6 Kg8 44.Rc7 Bd3 45.Ke3 Bf1 46.Rc5 Kh7 
47.Rxh5+ Kg6 48.Rh4 Bb5 49.Rf4 Ng5 50.Rf2 Kf7 51.Rf5 Nh7 52.g4 Bd7 53.Rf4 
Ng5 54.Rd4 Bb5 55.Rf4 Bd7 56.Rf1 Nh7 57.Rf4 1/2-1/2

[Event "18th EUR-ch (w)"]
[Site "Riga LAT"]
[Date "2017.04.12"]
[Round "2.6"]
[White "Batsiashvili, Nino"]
[Black "Brunello, Marina"]
[Result "0-1"]
[WhiteElo "2496"]
[BlackElo "2354"]
[EventDate "2017.04.11"]
[PlyCount "136"]

1.d4 d5 2.c4 c6 3.Nf3 Nf6 4.Qc2 dxc4 5.Qxc4 Bg4 6.Nbd2 Nbd7 7.g3 e6 8.Bg2 
Be7 9.O-O O-O 10.Qb3 b5 11.h3 Bh5 12.a4 a6 13.e4 Qb6 14.Qe3 c5 15.d5 Rae8 
16.dxe6 fxe6 17.b3 Rc8 18.Bb2 Qb8 19.axb5 axb5 20.Ra6 e5 21.Rfa1 Bd6 22.
Qd3 Bc7 23.Qe2 h6 24.g4 Bf7 25.Nh4 Rfe8 26.Nf5 Bb6 27.Bc3 Kh7 28.Kh1 c4 
29.b4 Nf8 30.g5 hxg5 31.Nf3 Ng6 32.Nxg5+ Kg8 33.Nxf7 Kxf7 34.Qd2 Rcd8 35.
Qg5 Rd3 36.Bd2 Nh7 37.Qh5 Nf6 38.Qg5 Nh7 39.Qh5 Nf6 40.Qe2 Nf4 41.Bxf4 
exf4 42.e5 Qxe5 43.Qxe5 Rxe5 44.Rxb6 Rxf5 45.Rb7+ Kg8 46.Bc6 Rxh3+ 47.Kg2 
Rhh5 48.Kf3 Rh3+ 49.Kg2 Rb3 50.Rb8+ Kh7 51.Rxb5 Rxb5 52.Bxb5 Rxb4 53.Ba6 
Nd5 54.Kf3 g5 55.Ke4 Nc7 56.Bc8 Kg6 57.Ra7 c3+ 58.Kd3 Nb5 59.Ra6+ Kh5 60.
Kc2 Rb2+ 61.Kc1 Rxf2 62.Bd7 Nd4 63.Ba4 Rf1+ 64.Bd1+ f3 65.Ra4 c2 66.Rxd4 
Rxd1+ 67.Rxd1 cxd1=Q+ 68.Kxd1 Kg4 0-1

[Event "18th EUR-ch (w)"]
[Site "Riga LAT"]
[Date "2017.04.12"]
[Round "2.7"]
[White "Mamedyarova, Zeinab"]
[Black "Socko, Monika"]
[Result "1-0"]
[WhiteElo "2322"]
[BlackElo "2462"]
[EventDate "2017.04.11"]
[PlyCount "171"]

1.Nf3 Nf6 2.c4 g6 3.b3 Bg7 4.Bb2 O-O 5.g3 d6 6.d4 c5 7.Bg2 Nc6 8.O-O Bg4 
9.Na3 Bxf3 10.Bxf3 cxd4 11.Bxc6 bxc6 12.Bxd4 e5 13.Bb2 Qe7 14.h3 d5 15.
cxd5 cxd5 16.Rc1 Rfd8 17.e3 h5 18.Qe2 a6 19.Rc2 Ne4 20.Kg2 d4 21.Rd1 Qb7 
22.f3 Ng5 23.exd4 exd4 24.Bc1 Ne6 25.Qe4 Qxe4 26.fxe4 d3 27.Rc4 Rd7 28.Be3
Rad8 29.Ra4 Rd6 30.Nc4 Rc6 31.Ra5 Nc7 32.Bb6 d2 33.Rxa6 Rd3 34.Ra5 Bc3 35.
Bxc7 Rxc7 36.Rd5 Rd7 37.Rxd7 Rxd7 38.Ne3 Rd3 39.Nf1 g5 40.Kf2 h4 41.Ke2 
Rd4 42.Ke3 g4 43.hxg4 h3 44.Nh2 Kg7 45.Nf3 Rd8 46.Ke2 Bb4 47.a3 Bxa3 48.
Rxd2 Rb8 49.Rd3 Rc8 50.Rd1 Rc3 51.Rh1 Rc2+ 52.Kd3 Rf2 53.Nh4 h2 54.e5 Bc5 
55.Ke4 Re2+ 56.Kf4 Bg1 57.Nf3 Rg2 58.Nh4 Rb2 59.Nf3 Rg2 60.b4 Bf2 61.Nh4 
Rg1 62.Nf5+ Kg8 63.Rxh2 Be1 64.b5 Bc3 65.Re2 Rb1 66.Nd6 Kg7 67.Kf5 Kf8 68.
g5 Ke7 69.b6 Bd4 70.b7 Bc5 71.Re1 Rb3 72.Rc1 Bxd6 73.exd6+ Kxd6 74.Kf6 
Rxb7 75.Rd1+ Kc5 76.g4 Kc6 77.g6 fxg6 78.Kxg6 Rb2 79.g5 Rg2 80.Kf6 Rf2+ 
81.Kg7 Kc7 82.g6 Rg2 83.Kf7 Rf2+ 84.Kg8 Rg2 85.g7 Rg3 86.Rf1 1-0

[Event "18th EUR-ch (w)"]
[Site "Riga LAT"]
[Date "2017.04.12"]
[Round "2.8"]
[White "Buksa, Natalia"]
[Black "Javakhishvili, Lela"]
[Result "1/2-1/2"]
[WhiteElo "2314"]
[BlackElo "2456"]
[EventDate "2017.04.11"]
[PlyCount "118"]

1.e4 c5 2.Nf3 e6 3.d4 cxd4 4.Nxd4 a6 5.c4 Nf6 6.Nc3 Qc7 7.a3 b6 8.Be3 Bb7 
9.f3 d6 10.Be2 Be7 11.O-O O-O 12.Rc1 Nbd7 13.b4 Rac8 14.Qd2 Rfe8 15.Kh1 
Qb8 16.Rc2 Bd8 17.Na4 Bc7 18.Bg1 Ba8 19.Rb1 Rcd8 20.Nb2 Kh8 21.Nd3 Ne5 22.
Qc1 Nfd7 23.a4 Nxd3 24.Bxd3 Bb7 25.Be2 Qa8 26.Nb3 Rc8 27.a5 bxa5 28.Nxa5 
Bxa5 29.bxa5 Red8 30.Rcb2 Bc6 31.Qf4 Nf6 32.Rb6 e5 33.Qf5 h6 34.Qh3 Nd7 
35.R6b2 Nc5 36.Qh5 Be8 37.Qh4 Kg8 38.Rd2 Na4 39.Bf1 Qc6 40.Qe1 Rb8 41.Rdd1
Rxb1 42.Rxb1 Bd7 43.Qb4 Be6 44.Be3 Rc8 45.Kg1 Nc5 46.Qb6 Kf8 47.Qa7 Rc7 
48.Qb8+ Rc8 49.Rb6 Rxb8 50.Rxc6 Ke7 51.Bxc5 dxc5 52.Rxa6 Kd7 53.Ra7+ Kc6 
54.Kf2 Rb7 55.Ra6+ Kc7 56.Ra8 Rb8 57.Ra7+ Rb7 58.Ra8 Rb8 59.Ra7+ Rb7 
1/2-1/2

[Event "18th EUR-ch (w)"]
[Site "Riga LAT"]
[Date "2017.04.12"]
[Round "2.9"]
[White "Pahtz, Elisabeth"]
[Black "Mammadzada, Gunay"]
[Result "1-0"]
[WhiteElo "2454"]
[BlackElo "2348"]
[EventDate "2017.04.11"]
[PlyCount "111"]

1.e4 c5 2.Nf3 d6 3.d4 cxd4 4.Nxd4 Nf6 5.Nc3 a6 6.Bg5 e6 7.f4 Nbd7 8.Qe2 
Qc7 9.O-O-O b5 10.a3 Be7 11.g4 Bb7 12.Bxf6 gxf6 13.h4 O-O-O 14.Rh3 Kb8 15.
Kb1 Rc8 16.g5 Bf8 17.f5 e5 18.Nb3 Rg8 19.Qd2 Qd8 20.Rg3 Be7 21.Nd5 fxg5 
22.Na5 Nc5 23.Nxb7 Kxb7 24.Qg2 h6 25.f6 Bf8 26.hxg5 hxg5 27.Rxg5 Rxg5 28.
Qxg5 Ne6 29.Qh5 Qe8 30.Bh3 Rc4 31.Bxe6 Qxe6 32.Qh8 Rc8 33.Qh7 a5 34.Rd3 
Kb8 35.Rb3 Rc5 36.Qg8 Qe8 37.Rh3 Rc8 38.c3 b4 39.axb4 axb4 40.Nxb4 Qe6 41.
Rd3 Qc4 42.Qg1 Qxe4 43.Qb6+ Qb7 44.Qa5 Qa7 45.Qxa7+ Kxa7 46.Rh3 Kb6 47.Rh7
Kc5 48.Rxf7 d5 49.Rd7 Bd6 50.Kc2 Rh8 51.f7 e4 52.Ra7 Rc8 53.Ra5+ Kb6 54.
Ra6+ Kc5 55.Kb3 e3 56.Nd3+ 1-0

[Event "18th EUR-ch (w)"]
[Site "Riga LAT"]
[Date "2017.04.12"]
[Round "2.10"]
[White "Goriachkina, Alexandra"]
[Black "Warakomska, Anna"]
[Result "1/2-1/2"]
[WhiteElo "2452"]
[BlackElo "2343"]
[EventDate "2017.04.11"]
[PlyCount "85"]

1.d4 Nf6 2.c4 e6 3.Nc3 Bb4 4.Qc2 O-O 5.Nf3 c5 6.dxc5 Na6 7.g3 Nxc5 8.Bg2 
Nce4 9.O-O Bxc3 10.bxc3 Qa5 11.Nd4 d5 12.cxd5 exd5 13.c4 Qc5 14.Bb2 Qxc4 
15.Qxc4 dxc4 16.Rfc1 Bd7 17.Rxc4 Rac8 18.Rac1 Nd6 19.Rxc8 Rxc8 20.Rxc8+ 
Bxc8 21.Ba3 Nde4 22.Bb4 b6 23.f3 Nd5 24.Be1 Nd6 25.e4 Ne3 26.Bh1 Bb7 27.
Bb4 Ndc4 28.f4 a5 29.Be1 Nb2 30.Bf2 Nec4 31.Nf5 Kf8 32.Bd4 g6 33.Ne3 Nxe3 
34.Bxe3 Nc4 35.Bd4 b5 36.Bg2 Nd2 37.Bc3 Nxe4 38.Bxa5 f5 39.Bb4+ Kf7 40.Bf1
Bc6 41.Bd3 Ke6 42.Kf1 Kd5 43.Bxe4+ 1/2-1/2

[Event "18th EUR-ch (w)"]
[Site "Riga LAT"]
[Date "2017.04.12"]
[Round "2.11"]
[White "Berzina, Ilze"]
[Black "Zawadzka, Jolanta"]
[Result "1/2-1/2"]
[WhiteElo "2297"]
[BlackElo "2449"]
[EventDate "2017.04.11"]
[PlyCount "99"]

1.e4 c5 2.Nf3 Nc6 3.Bb5 d6 4.O-O Bd7 5.Re1 Nf6 6.h3 e6 7.c3 Ne5 8.Bxd7+ 
Qxd7 9.d4 Nxf3+ 10.Qxf3 cxd4 11.cxd4 d5 12.e5 Ng8 13.Bd2 Ne7 14.Bb4 Ng6 
15.Bxf8 Nxf8 16.Qb3 Ng6 17.Nc3 O-O 18.Rac1 f6 19.Nb5 fxe5 20.dxe5 a6 21.
Nd4 Qf7 22.Qe3 Nf4 23.Rc3 Rac8 24.Rxc8 Rxc8 25.Rc1 Rxc1+ 26.Qxc1 h6 27.Kh2
Ng6 28.Qc8+ Nf8 29.Kg1 Qe7 30.a3 Qd7 31.Qxd7 Nxd7 32.Nxe6 Nxe5 33.Nc5 Nc4 
34.b3 Nxa3 35.Nxb7 Nb5 36.Nc5 Nc7 37.f4 Kf7 38.Kf2 Ke7 39.Ke3 Kd6 40.b4 
Kc6 41.Nd3 Ne6 42.f5 Nd8 43.g4 Kd6 44.h4 Nc6 45.g5 hxg5 46.hxg5 Ne7 47.Kf4
Nc6 48.Ke3 Ne7 49.Kf4 Nc6 50.Ke3 1/2-1/2

[Event "18th EUR-ch (w)"]
[Site "Riga LAT"]
[Date "2017.04.12"]
[Round "2.12"]
[White "Galoian, Lilit"]
[Black "Khotenashvili, Bela"]
[Result "1/2-1/2"]
[WhiteElo "2290"]
[BlackElo "2445"]
[EventDate "2017.04.11"]
[PlyCount "71"]

1.d4 Nf6 2.c4 g6 3.f3 e6 4.e4 d5 5.e5 Nh5 6.Be3 c5 7.cxd5 exd5 8.Nc3 Nc6 
9.Bb5 cxd4 10.Qxd4 Be6 11.Qa4 Qc7 12.Rd1 Rd8 13.Qxa7 Qxe5 14.Nge2 Bg7 15.
g4 O-O 16.Bxc6 bxc6 17.Bd4 Qg5 18.h4 Bxd4 19.Qxd4 Qf6 20.gxh5 Qxf3 21.Rf1 
Qxh5 22.Ng3 Qh6 23.Qf4 Qg7 24.Qf6 Qh6 25.Qf4 Qg7 26.Qf6 Qh6 27.Qg5 Qg7 28.
Nge4 f5 29.Nc5 Bf7 30.Kf2 d4 31.Ne2 Qe5 32.Nd3 Qh2+ 33.Ke1 Rfe8 34.Rf2 
Qh1+ 35.Kd2 Qd5 36.h5 1/2-1/2

[Event "18th EUR-ch (w)"]
[Site "Riga LAT"]
[Date "2017.04.12"]
[Round "2.13"]
[White "Galliamova, Alisa"]
[Black "Worek, Joanna"]
[Result "1-0"]
[WhiteElo "2444"]
[BlackElo "2330"]
[EventDate "2017.04.11"]
[PlyCount "91"]

1.Nf3 Nf6 2.g3 g6 3.b3 Bg7 4.Bb2 c5 5.c4 O-O 6.Bg2 d6 7.d4 Ne4 8.O-O Bf5 
9.Nfd2 Nxd2 10.Qxd2 Nc6 11.Bxc6 bxc6 12.dxc5 dxc5 13.Qxd8 Rfxd8 14.Bxg7 
Bxb1 15.Bh6 Bf5 16.f3 a5 17.g4 Be6 18.Be3 f6 19.Rfd1 Kf7 20.Bxc5 a4 21.
Rac1 axb3 22.axb3 Rdb8 23.Rd3 Ra2 24.Kf2 g5 25.Re3 h5 26.h3 h4 27.Rcc3 Ra5
28.b4 Ra1 29.Re4 Rd8 30.b5 cxb5 31.cxb5 Rb1 32.b6 Rdd1 33.Kg2 Re1 34.Bf2 
Red1 35.Rc7 Rd7 36.Rc8 f5 37.gxf5 Bxf5 38.Re5 Kf6 39.Ra5 Be6 40.Rc6 Rd6 
41.Rxd6 exd6 42.Be3 Bf5 43.Bd4+ Kg6 44.Rd5 Bc8 45.Rxd6+ Kh5 46.Bg7 1-0

[Event "18th EUR-ch (w)"]
[Site "Riga LAT"]
[Date "2017.04.12"]
[Round "2.14"]
[White "Fatalieva, Ulviyya"]
[Black "Daulyte, Deimante"]
[Result "1-0"]
[WhiteElo "2287"]
[BlackElo "2443"]
[EventDate "2017.04.11"]
[PlyCount "135"]

1.e4 c5 2.Nf3 Nc6 3.d4 cxd4 4.Nxd4 Nf6 5.Nc3 e5 6.Ndb5 d6 7.Bg5 a6 8.Na3 
Be6 9.Nc4 Rb8 10.a4 Nb4 11.a5 Qc7 12.Ne3 Be7 13.Ra4 Qc5 14.Qd2 Rd8 15.Bxf6
Bxf6 16.Ncd5 Nxd5 17.exd5 Bd7 18.Rc4 Qa7 19.Qb4 Qb8 20.Qb6 Rc8 21.Rxc8+ 
Bxc8 22.Bxa6 Bd8 23.Qb4 O-O 24.Be2 f5 25.O-O Qc7 26.Nc4 Rf6 27.Nb6 Qxc2 
28.Qc3 Qxc3 29.bxc3 Bxb6 30.axb6 Rf8 31.f4 exf4 32.Rxf4 Bd7 33.Kf2 Ra8 34.
Kf3 Kf7 35.Rc4 Rc8 36.Rc7 Rxc7 37.bxc7 Kf6 38.Bb5 Bc8 39.Be8 Ke7 40.Bb5 
Kf6 41.c4 g5 42.h3 h6 43.Be8 Ke7 44.Ba4 Kf6 45.Ke3 Ke7 46.Kd4 b6 47.Kc3 f4
48.Kd3 Bf5+ 49.Ke2 Bc8 50.Kf3 Bf5 51.Bc6 Bc8 52.Kf2 Kf7 53.Kf3 Ke7 54.Ba4 
Bf5 55.Bc2 Bc8 56.Ba4 Bf5 57.h4 Bc8 58.hxg5 hxg5 59.Bc2 Kf6 60.Ke4 Ke7 61.
Bd1 Kf6 62.Bh5 Ke7 63.Kf3 Kd7 64.Bg4+ Kxc7 65.Bxc8 Kxc8 66.Kg4 Kc7 67.Kxg5
b5 68.cxb5 1-0

[Event "18th EUR-ch (w)"]
[Site "Riga LAT"]
[Date "2017.04.12"]
[Round "2.19"]
[White "Zherebtsova, Alexandra"]
[Black "Ovod, Evgenia"]
[Result "1/2-1/2"]
[WhiteElo "2222"]
[BlackElo "2382"]
[EventDate "2017.04.11"]
[PlyCount "183"]

1.d4 Nf6 2.c4 c5 3.d5 e6 4.Nc3 exd5 5.cxd5 d6 6.Nf3 g6 7.Bf4 Bg7 8.h3 O-O 
9.e3 Re8 10.Nd2 Bf8 11.Be2 Na6 12.Qb3 Nc7 13.a4 b6 14.O-O Ba6 15.Nb5 Bb7 
16.Nxc7 Qxc7 17.Bf3 Ba6 18.Rfd1 Rab8 19.Qc2 Rb7 20.Rab1 Qb8 21.b3 b5 22.
axb5 Bxb5 23.b4 cxb4 24.Rxb4 Rc8 25.Qa2 a6 26.Rdb1 Rcc7 27.Qa5 Qc8 28.Nb3 
Bd3 29.Rb2 Nd7 30.Nd4 Rc5 31.Qa3 Rc3 32.R4b3 Rbxb3 33.Rxb3 Rxb3 34.Qxb3 
Bc4 35.Qc3 Qc5 36.Nc6 Bg7 37.Qa5 Qxa5 38.Nxa5 Nb6 39.Nxc4 Nxc4 40.Be2 Ne5 
41.Bxa6 f5 42.f3 Bf6 43.Kf2 h5 44.Ke2 Kf7 45.Bb5 Ke7 46.Bg3 Nf7 47.Be1 Be5
48.Bd2 Bf6 49.Kd3 Ne5+ 50.Kc2 Bh4 51.Kd1 Nf7 52.Ke2 Bf6 53.f4 Nh6 54.Bd3 
Bb2 55.e4 fxe4 56.Bxe4 Kf6 57.Bb4 Nf7 58.Kf3 g5 59.g3 h4 60.gxh4 gxf4 61.
Kxf4 Be5+ 62.Kf3 Kg7 63.Bd2 Nh6 64.h5 Ng8 65.Bf5 Nf6 66.h6+ Kh8 67.Be6 Kh7
68.Ke2 Kg6 69.Kd3 Nh5 70.Bg4 Nf6 71.Bf3 Kh7 72.Kc4 Kg6 73.Kb5 Kf7 74.Kc6 
Kf8 75.Kc7 Kf7 76.Bg5 Kf8 77.Bxf6 Bxf6 78.Kxd6 Kg8 79.Ke6 Bg5 80.d6 Bxh6 
81.Bd5 Bd2 82.Kf6+ Kh8 83.h4 Ba5 84.h5 Bd8+ 85.Kf7 Bh4 86.Be4 Bg5 87.Bf5 
Bh4 88.d7 Bg5 89.Ke8 Kg7 90.Bg6 Bh4 91.d8=Q Bxd8 92.Kxd8 1/2-1/2

[Event "18th EUR-ch (w)"]
[Site "Riga LAT"]
[Date "2017.04.12"]
[Round "2.21"]
[White "Balajayeva, Khanim"]
[Black "Savina, Anastasia"]
[Result "1/2-1/2"]
[WhiteElo "2196"]
[BlackElo "2378"]
[EventDate "2017.04.11"]
[PlyCount "90"]

1.e4 d6 2.d4 Nf6 3.Nc3 e5 4.dxe5 dxe5 5.Qxd8+ Kxd8 6.Bg5 Be6 7.O-O-O+ Nd7 
8.Nf3 Kc8 9.Bh4 h6 10.Bg3 Bd6 11.Bd3 a6 12.h3 Nh5 13.Bh2 g5 14.g4 Nf4 15.
Bxf4 gxf4 16.Nh4 Bc5 17.f3 b5 18.Nf5 Kb7 19.Ng7 Rh7 20.Nxe6 fxe6 21.h4 h5 
22.g5 Nf8 23.Rh2 Ng6 24.Bf1 Bg1 25.Rh1 Bf2 26.Bh3 Re8 27.Rdf1 Bg3 28.Ne2 
Bxh4 29.Bf5 exf5 30.exf5 Ne7 31.Rxh4 Nxf5 32.Rh3 h4 33.Nc3 Ng3 34.Re1 Kc6 
35.Nd1 Rh5 36.Nf2 Rxg5 37.Rxh4 Rd8 38.Nd3 e4 39.fxe4 f3 40.Rh6+ Rd6 41.
Rxd6+ cxd6 42.Re3 Ne2+ 43.Kd2 Nd4 44.Kc3 Ne2+ 45.Kd2 Nd4 1/2-1/2

[Event "18th EUR-ch (w)"]
[Site "Riga LAT"]
[Date "2017.04.12"]
[Round "2.25"]
[White "Girya, Olga"]
[Black "Makka, Ioulia"]
[Result "1-0"]
[WhiteElo "2470"]
[BlackElo "2069"]
[EventDate "2017.04.11"]
[PlyCount "105"]

1.d4 Nf6 2.c4 e6 3.Nf3 b6 4.g3 Ba6 5.b3 b5 6.cxb5 Bxb5 7.Bg2 d5 8.O-O Be7 
9.Nc3 Ba6 10.b4 O-O 11.Rb1 Nbd7 12.Re1 Bb7 13.Qc2 Nb6 14.Ne5 Nfd7 15.Nd3 
a5 16.b5 f5 17.Nf4 Kf7 18.f3 Bf6 19.e3 g6 20.Ba3 Re8 21.Rbd1 Nc4 22.Bc1 
Ndb6 23.Qf2 Qb8 24.e4 Qa7 25.Nh3 Kg8 26.Bh6 dxe4 27.fxe4 Rad8 28.Bg5 Nd7 
29.Bf1 Nd6 30.e5 Bxg5 31.Nxg5 Nf7 32.Nxf7 Kxf7 33.Rc1 Ba8 34.Ne2 Nb6 35.
Bg2 Bxg2 36.Qxg2 Rd5 37.Rc5 Red8 38.Rec1 R8d7 39.Qf2 Na4 40.R5c4 Nb2 41.
R4c3 Rxb5 42.Nf4 Na4 43.Rc6 Rb2 44.Qe3 Qb8 45.Nxe6 Rxa2 46.Nxc7 Re7 47.Nd5
Rb7 48.e6+ Kg7 49.e7 Rbb2 50.Nf4 Qe8 51.Rc8 Qb5 52.e8=Q Qb7 53.Qf8# 1-0

[Event "18th EUR-ch (w)"]
[Site "Riga LAT"]
[Date "2017.04.12"]
[Round "2.26"]
[White "Komiagina, Maria"]
[Black "Pogonina, Natalia"]
[Result "0-1"]
[WhiteElo "2247"]
[BlackElo "2478"]
[EventDate "2017.04.11"]
[PlyCount "94"]

1.e4 e5 2.Nf3 Nc6 3.d4 exd4 4.Nxd4 Bc5 5.Nb3 Bb6 6.Nc3 Nf6 7.a4 a6 8.Bg5 
h6 9.Bh4 g5 10.Bg3 d6 11.h4 Rg8 12.hxg5 hxg5 13.a5 Ba7 14.Nd5 Nxd5 15.exd5
Qe7+ 16.Qe2 Ne5 17.O-O-O Bd7 18.Bxe5 Qxe5 19.Qxe5+ dxe5 20.f3 O-O-O 21.g4 
e4 22.fxe4 Bxg4 23.Rd3 Rh8 24.Rxh8 Rxh8 25.Rg3 Bd7 26.Kd2 g4 27.Be2 Bf2 
28.Rxg4 Bxg4 29.Bxg4+ Kd8 30.Kd3 Rg8 31.Bf5 Rg3+ 32.Kc4 Rg2 33.Kd3 f6 34.
Nc1 Rg1 35.Ne2 Rd1+ 36.Kc3 Be3 37.Kb3 Ra1 38.Kc3 Rxa5 39.Kd3 Bc5 40.Nf4 
Bd6 41.Ne6+ Ke7 42.b3 Ra1 43.Nd4 Be5 44.Ne6 a5 45.Kc4 Ra2 46.Kd3 b5 47.c4 
a4 0-1